000 00580nam a2200181Ia 4500
003 GCL
008 140319s9999 xx 000 0 ara d
040 _aGCL /
_cGCL
082 0 4 _a956.04
_bم ح
100 1 _aمحجوب عمر
245 1 0 _aحوار فى ظل البنادق: التاريخ والامة والطبقة والتجمع الصهيونى /
_cمحجوب عمر
300 _a182
490 _a
650 0 4 _aالعالم العربى
650 0 4 _aالنزاع العربى الاسرائيلى
650 0 4 _aالقضية الفلسطينية
942 _2ddc
_cBK
999 _c40260
_d40260